000
00276nam a22001337a 4500
008
170809b xxu||||| |||| 00| 0 eng d
020
_a
9781418839215
041
_a
eng
080
_a
004
100
_a
35
101
_a
SHK
245
_a
FLASH 8
_c
LOPEZ,L.A
942
_2
udc
_c
BK
999
_c
23054
_d
23054